Представление документа в формате MARC21

Поле Инд. ПП Название Значение
Тип записи a
Библиографический уровень m
001 Контрольный номер 3cedc0b6-63e7-497e-8fc4-ddf8aca30217
005 Дата корректировки 20150813131042.2
008 Кодируемые данные 060913
020 a ISBN 5-472-00833-6
c Цена, тираж 92.00
040 a Служба первич. каталог. НБ ТвГУ
041 0_ a Код языка текста rus
080 a Индекс УДК 330.4(075.8)
084 a Индекс другой классификации/Индекс ББК У.в631.0я73-1
a Индекс другой классификации/Индекс ББК У9(2Рос)-94в631.0я73-1
090 x Авторский знак Р18
a Полочн. индекс У.в631.0
100 1_ a Автор Райцин Вилорий Яковлевич
245 10 a Заглавие Моделирование социальных процессов
b Продолж. заглавия учебник : учеб. пособие для студентов вузов, обучающихся по специальности 061800 "Мат. методы в экономике" и др. экон. специальностим
c Ответственность В. А. Райцин ; Рос. экон. акад. им. Г. В. Плеханова
260 0_ a Место издания Москва
b Издательство Экзамен
c Дата издания 2005
300 a Объем 189, [1] с.
b Иллюстрации/ тип воспроизводства табл.
440 _0 a Серия Учебник Плехановской академии
504 a Библиография Библиогр. в подстроч. примеч.
583 a Действие Получение впервые 343 13.09.2006
k Исполнитель действия ООО "Кроун"
583 a Действие Приписка 189 06.08.2007
k Исполнитель действия ООО "Книжный мир"
650 04 a Основная рубрика Экономико-математические методы и модели
x Основная подрубрика Учебники для вузов
650 04 a Основная рубрика Экономика
x Основная подрубрика Математические методы
650 04 a Основная рубрика Процессы социальные и социокультурные
x Основная подрубрика Математическое моделирование
650 04 a Основная рубрика Оплата труда
x Основная подрубрика Расчеты
653 0_ a Ключевые слова Экономико-математические методы
a Ключевые слова Экономико-математические модели
a Ключевые слова Экономика
a Ключевые слова Математические методы в экономике
a Ключевые слова Социальные процессы
a Ключевые слова Моделирование социальных процессов
a Ключевые слова Заработная плата
a Ключевые слова Моделирование потребления населения
a Ключевые слова Уровень жизни
852 41 t Порядковый номер экземпляра 3
p Инвентарный номер 850027
p Инвентарный номер 850028
p Инвентарный номер 850029
852 41 t Порядковый номер экземпляра 15
p Инвентарный номер 881810 68.00
p Инвентарный номер 881811 68.00
p Инвентарный номер 881812 68.00
p Инвентарный номер 881813 68.00
p Инвентарный номер 881814 68.00
p Инвентарный номер 881815 68.00
p Инвентарный номер 881816 68.00
p Инвентарный номер 881817 68.00
p Инвентарный номер 881818 68.00
p Инвентарный номер 881819 68.00
p Инвентарный номер 881820 68.00
p Инвентарный номер 881821 68.00
p Инвентарный номер 881822 68.00
p Инвентарный номер 881823 68.00
p Инвентарный номер 881824 68.00
863 t 00150045
863 t 00150046
863 t 00150047
863 t 00171719
863 t 00171720
863 t 00171721
863 t 00171722
863 t 00171723
863 t 00171724
863 t 00171725
863 t 00171726
863 t 00171727
863 t 00171728
863 t 00171729
863 t 00171730
863 t 00171731
863 t 00171732
863 t 00171733
888 a За счет средств университета
930 a Новая/Ретро учебники
952 p 343.2006 92.00 1 850027
p 343.2006 92.00 1 850028
p 343.2006 92.00 1 850029
p 189.2007 68.00 1 881810
p 189.2007 68.00 1 881811
p 189.2007 68.00 1 881812
p 189.2007 68.00 1 881813
p 189.2007 68.00 1 881814
p 189.2007 68.00 1 881815
p 189.2007 68.00 1 881816
p 189.2007 68.00 1 881817
p 189.2007 68.00 1 881818
p 189.2007 68.00 1 881819
p 189.2007 68.00 1 881820
p 189.2007 68.00 1 881821
p 189.2007 68.00 1 881822
p 189.2007 68.00 1 881823
p 189.2007 68.00 1 881824
c Вид литературы К ру
954 a Дата поступления на обработку 20061024
999 a Подразделение 2 Фил1
a Подразделение 2 Фил3